000 00907nam a2200217Ia 4500
003 Ost
005 20260507075636.0
008 260507s9999||||xx |||||||||||||| ||und||
040 _cfsecg
041 _aara
082 _a332.4
100 _aالخولي، أسامة محمد
_eمؤلف
245 0 _aمبادئ النقود والبنوك /
_c أسامة محمد الخولي
260 _aالإسكندرية:
_bدار الجامعة الجديدة,
_c1999
300 _a326 صفحة؛
_bإيضاحات ؛
_c24 سم
490 _aالمكتبة الإقتصادية
520 _aالنقود في اقتصاد المبادلة- أشكال النقود- قيمة النقود- تقدير قيمة النقود- النظم النقدية- المؤسسات النقدية- البنوك التجارية والمركزية
653 _aالبنوك
653 _aالنقود
942 _cكتاب
999 _c45295
_d45295